| 000 | 00000nam 2200000za 4500 |
| 001 | 9.589794 |
| 003 | CaOODSP |
| 005 | 20221107134112 |
| 007 | cr ||||||||||| |
| 008 | 150406s1985 xxc|||||o f|0| 0 fre d |
| 040 | |aCaOODSP|bfre |
| 041 | |aeng |
| 041 | |afre |
| 043 | |an-cn--- |
| 086 | 1 |aFs97-6/1368-PDF |
| 245 | 00|aProceedings of the Tenth Annual Aquatic Toxicity Workshop, November 7-10, 1983, Halifax, Nova Scotia Compte rendu des communications du dixième atelier annuel sur la toxicité aquatique, du 7 au 10 novembre 1983, Halifax, Nouvelle-Écosse |h[ressource électronique] = |bCompte rendu des communications du dixième atelier annuel sur la toxicité aquatique, du 7 au 10 novembre 1983, Halifax, Nouvelle-Écosse / |cP.G. Wells et R.F. Addison, éditeurs. |
| 246 | 11|aCompte rendu des communications du dixième atelier annuel sur la toxicité aquatique, du 7 au 10 novembre 1983, Halifax, Nouvelle-Écosse |
| 260 | |aOttawa : |bPêches et Océans Canada,|c1985. |
| 300 | |a493p.|bfigures, références |
| 490 | 1 |aRapport technique canadien des sciences halieutiques et aquatiques|x1488-5379|vN° 1368 |
| 500 | |aTextes préliminaires en français et en anglais. Les articles en leurs langues originales. Le numéro de catalogue et l'ISSN de l'édition imprimée apparaissent dans la version PDF. |
| 546 | |aEn français et en anglais. |
| 590 | |a13-28-Supp|b2013-12-09 |
| 710 | 1 |aCanada. |bMinistère des pêches et des océans. |
| 720 | 1 |aWells, P. G. |
| 720 | 1 |aAddison, R. F. |
| 791 | |tProceedings of the Tenth Annual Aquatic Toxicity Workshop, November 7-10, 1983 Halifax, Nova Scotia |eeng|w(CaOODSP)9.589793 |
| 830 | #0|aRapport technique canadien des sciences halieutiques et aquatiques,|x1488-5379|vN° 1368|w(CaOODSP)9.500270 |
| 856 | 40|uhttps://publications.gc.ca/collections/collection_2013/mpo-dfo/Fs97-6-1368.pdf|aPDF|s6546 Ko |